000 01220cad a2200265 4500
001 L158359
008 040913n2014 000 0 eng u
035 _a(Sirsi) u158359
041 _aeng
110 2 _aRoyal Institution of Chartered Surveyors
_94900
245 0 0 _aExtending the real estate pricing model
_h[electronic resource]
260 _aLondon
_bRICS
_c2014
490 0 _aRICS Research
520 _aInvestigates the implicit pricing of property attributes by developing a model for office properties within the Central London market. Examines the pricing of commercial property investments focusing on the determination of capitalisation rates and the property attributes that influence the risk premium between submarkets and across investor/fund types.
650 2 4 _aCommercial property investment
650 2 4 _aMARKET VALUATION
651 4 _aENGLAND AND WALES
690 _aValuation
_96273
690 _aInvestments
_96250
700 1 _aCrosby, Neil
700 1 _aJackson, Cath
700 1 _aOrr, Allison
856 4 8 _uhttps://www.propertyresearchtrust.org/uploads/1/3/4/8/134819607/extending_the_real_estate_pricing_model.pdf
_zAvailable from the Property Research Trust
942 _n0
_2ddc
999 _c115279
_d115279